000 00759nam a22002297a 4500
005 20140613130503.0
010 _aENG-106898
020 _a9789350590409
_c195.00
020 _a9350590409
_c195.00
035 _aEN-90431
037 _bDBAD/PUB
082 _a658.4012
100 _aKaushal, H.
245 _aCorporate/Strategic Planning /
_cby H. Kaushal
250 _a2nd ed
260 _aGurgaon
_bMacmillan Publishers
_c2012
270 _a3A, 5th Floor, DLF Corporate Park
_bGurgaon
_e122002
300 _axxv,292p. :
_c22cm(pbk)
_bill.
490 _aCase study solutions
942 _2ddc
_cEN
_h658.4012
_mKAU
999 _c74774
_d74774